【プロスピA】アーチストの選手だけ答える - Statistics

General Stats
  • This quiz has been taken 1,858 times
  • The average score is 11 of 19
Answers on the Grid
Answers color-coded by a green-red scale on the quiz's grid according to % correct below.
ウィーラー
ゲレーロ
シャイナー
スペンサー
ソト
ソレイタ
ブラッグス
ブーマー
ポランコ
レイエス
万波中正
中島裕之
中村剛也
中村紀洋
中西太
井上晴哉
今岡誠
初芝清
和田一浩
城島健司
大山悠輔
大谷翔平
小久保裕紀
小笠原道大
山内和弘
山川穂高
岡本和真
岡田彰布
杉本裕太郎
杉浦亨
村上宗隆
村田修一
松中信彦
柳田悠岐
栗原健太
森友哉
池山隆寛
浅村栄斗
清宮幸太郎
王貞治
田淵幸一
鈴木誠也
阿部慎之助
高橋由伸
 
Answer Stats
Answer % Correct
大谷翔平
69%
柳田悠岐
68%
村上宗隆
67%
岡本和真
66%
中村剛也
65%
中村紀洋
64%
山川穂高
64%
王貞治
64%
高橋由伸
64%
ソト
62%
大山悠輔
62%
清宮幸太郎
62%
田淵幸一
60%
池山隆寛
58%
中島裕之
53%
ブーマー
51%
小久保裕紀
51%
山内和弘
49%
今岡誠
41%
No matching quizzes found
Score Distribution
Percent of People with Each Score
Percentile by Number Answered
Your Score History
You have not taken this quiz